Seminario: problemas actuales del derecho al recurso en el proceso penal

Salvato in:
Dettagli Bibliografici
Ente Autore: Centro de Documentación Defensoría Penal Pública (Autore)
Natura: Libro
Lingua:spagnolo
Pubblicazione: Santiago Centro de Documentación Defensoría Penal Pública 2012
Serie:Extensión, 5
Soggetti:
Tags: Aggiungi Tag
Nessun Tag, puoi essere il primo ad aggiungerne!!

MARC

LEADER 00000cam a2200000 a 4500
001 UCF7023
003 CL-VaPUC
005 20220831074515.0
008 130606e20121000cl 1 spa d
020 |a 9789568349332o.c 
020 |a 9789568349332v.5 
082 0 4 |a 345.83056  |b CEN  |2 21 
110 2 |a Centro de Documentación Defensoría Penal Pública  |e author  |9 609672 
245 1 0 |a Seminario: problemas actuales del derecho al recurso en el proceso penal 
260 |a Santiago  |b Centro de Documentación Defensoría Penal Pública  |c 2012 
300 |a 98 p 
490 0 |a Extensión, 5 
583 |a last modification  |c 20190909 10:59:17  |k Rodrigo Vera 
650 0 7 |a GARANTIAS DEL IMPUTADO  |2 CL-VaPUC  |9 584697 
650 0 0 |a Reforma procesal penal   |9 471095 
650 0 0 |a Defensa  |9 258306 
650 0 7 |a JUICIO ORAL PENAL  |2 CL-VaPUC  |9 584698 
942 |c BK 
945 |a dcastane  |d 20130606 00:00:00 
546 |a En Español 
536 |a Universidad Católica del Norte 
536 |a Defensoría Penal Pública 
518 |p Problemas actuales del derecho al recurso en el proceso penal, 1, Antofagasta, agosto 2010 
999 |c 384729  |d 384727 
952 |0 0  |1 0  |4 0  |6 345_830560000000000_CEN_2012  |7 0  |8 A  |9 507660  |a BIBDER  |b BIBDER  |d 2020-01-23  |i 497851K  |o 345.83056 CEN 2012  |p 497851K  |r 2023-01-25  |w 2020-01-23  |y BK  |k DER